| 000 | 00757cam a2200217 4500 | ||
|---|---|---|---|
| 001 | ABS65174 | ||
| 008 | 020228n2002 000 0 eng u | ||
| 035 | _a(Sirsi) u116903 | ||
| 100 | _aOsborne, H. | ||
| 245 | _aHow to keep it together | ||
| 260 | _c2002 | ||
| 490 |
_aEstates Gazette _v(0208) 23 February 2002, 146-147(2) |
||
| 520 | _aLast part of small business series, examining problems encountered by partners in small surveying agencies, such as cost cutting, shortage of instructions, cash flow, and sale and leaseback. Advice is given by an accountant and an agent. | ||
| 590 | _aABS | ||
| 650 | _aINSTRUCTIONS | ||
| 650 | _aCOST CUTTING | ||
| 650 | _aCASH FLOW | ||
| 650 | _aSALE AND LEASEBACK | ||
| 690 | _aMANAGEMENT | ||
| 942 | _n0 | ||
| 999 |
_c69639 _d69639 |
||